Taylor Swift - Les Chansons traduites en français #7 - Statistiques

Statistiques générales
  • Ce quiz a été pris 943 fois
    16 depuis la dernière actualisation
  • Le résultat moyen est 17 sur 20
Statistiques - réponses
Traductions Chansons % Correct
Été cruel Cruel Summer
100%
15 ans Fifteen
100%
Pluie de minuit Midnight Rain
100%
Paix peace
100%
Prêt pour ça ...Ready for It?
100%
Quand Emma tombe amoureuse When Emma Falls in Love
100%
Invisible Invisible
92%
Maintenant que nous ne parlons plus Now That We Don’t Talk
92%
La vie d’une danseuse de cabaret The Life of a Showgirl
92%
Tolérer ça tolerate it
92%
Qui a peur de l’ancienne petite moi ? Who's Afraid of Little Old Me ?
92%
Affaires illégales illicit affairs
85%
L'autre côté de la porte The Other Side of the Door
85%
C'est bien d'avoir un ami It’s Nice to Have a Friend
77%
Le manuscrit The Manuscript
77%
On ne va jamais jamais se remettre ensemble We Are Never Ever Getting Back Together
77%
Comment ça c'est fini ? How Did It End?
69%
C'est pourquoi nous ne pouvons pas avoir de bonne chose This Is Why We Can’t Have Nice Things
69%
Tu es en train de me perdre You’re Losing Me
69%
Intemporel Timeless
54%
Aucun quiz correspondant
Distribution des résultats
% des personnes avec chaque résultat
Percentile par nombre de réponses
Votre historique - résultats
Vous n’avez pas pris ce quiz depuis la dernière actualisation